000 00308nam a2200121Ia 4500
008 240624s9999 xx 000 0 und d
041 _aeng
082 _a005.54 FER
100 _aFERRARI ALBERTO
245 _aANALYZING DATA WITH MICROSOFT POWER BI A
260 _c2017
_aWashington
_bMicrosoft
365 _cRS
999 _c29378
_d29378